000 00686nam a2200289Ia 4500
005 20260324122358.0
008 008 260324s9999 xx 000 0 eng d
020 _a9781315603117
037 _aEBOOK
040 _aCRL
040 _beng
040 _cCRL
041 _2eng
041 _aeng
084 _qCRL
100 _aDavid L. Johns
_91166214
245 0 _aQuakering Theology
245 0 _bEssays on Worship, Tradition and Christian Faith
260 _bTaylor and Francis
260 _c2013
365 _a
365 _b240
856 _uhttp://www.taylorfrancis.com/books/9781315603117
942 _cEBOOK
999 _c1758918
_d1758918